Library Banner

Teaching for quality learning at university (Record no. 32047)

MARC details
000 -LEADER
fixed length control field 00513nam a2200193Ia 4500
001 - CONTROL NUMBER
control field 32305
008 - FIXED-LENGTH DATA ELEMENTS--GENERAL INFORMATION
fixed length control field 140417s9999 xx 000 0 und d
020 ## - INTERNATIONAL STANDARD BOOK NUMBER
International Standard Book Number 0335211682
040 ## - CATALOGING SOURCE
Transcribing agency PK-LaUMT
082 ## - DEWEY DECIMAL CLASSIFICATION NUMBER
Classification number 378.125
Item number BIG-T
100 ## - MAIN ENTRY--PERSONAL NAME
Personal name Biggs, John
245 ## - TITLE STATEMENT
Title Teaching for quality learning at university
Remainder of title what the student does
Statement of responsibility, etc Biggs, John
250 ## - EDITION STATEMENT
Edition statement 2nd
260 ## - PUBLICATION, DISTRIBUTION, ETC. (IMPRINT)
Place of publication, distribution, etc Berkshire,England:
Name of publisher, distributor, etc Open University Press,
Date of publication, distribution, etc 2005
300 ## - PHYSICAL DESCRIPTION
Extent 309 p.
546 ## - LANGUAGE NOTE
Language note EN
650 ## - SUBJECT ADDED ENTRY--TOPICAL TERM
Topical term or geographic name as entry element College students
942 ## - ADDED ENTRY ELEMENTS (KOHA)
Koha item type Books
Holdings
Withdrawn status Lost status Damaged status Not for loan Home library Current library Date acquired Total Checkouts Full call number Barcode Date last seen Date checked out Price effective from Koha item type
        UMT Main Campus UMT Main Campus 2014-04-17 8 378.125 BIG-T 39517 2019-12-27 2019-12-17 2014-05-03 Books